000 00482nam a2200181Ia 4500
005 20250326125529.0
008 250326s9999 xx 000 0 und d
037 _aTextbook
040 _aFMSL
_beng
_cFMSL
041 _aeng
_2eng
084 _aB3(SIGMA) L0
_qFMSL
100 _aPugh D S
_9130340
245 0 _aSystems thinking
_cPugh D S
260 _aUSA
_bUSA, Penguin Books
_c1970
300 _a399p
942 _cTB
_hB3(SIGMA) L0
999 _c1278448
_d1278448